Datum a čas kvízu
37.5
Celkem bodů
Celkový počet nahraných bodů na tomto kvízu bez doplňovacích otázek.
4.
Pořadí na kvízu
Konečné umístění týmu na tomto kvízu.
Zaznamenané odpovědi
| # | Otázka | Odpověď | Body | Výsledky |
|---|---|---|---|---|
| 1. | Koronavirus dorazil i do Posla... | Karla Šlechtová | 0 | |
| 2. | Premiér jisté země minulý týde... | Japonsko | 1 | |
| 3. | Jak se jmenuje slavný britský... | Sean Connery | 1 | |
| 4. | Minulý týden byl oznámen konec... | Internet Explorer | 0 | |
| 5. | Časopis Forbes zveřejnil žebří... | Tomáš Satoranský | 1 | |
| 6. | V tomto tématu se podíváme na... | (druhá) punská válka | 1 | |
| 7. | V roce 1792 u Valmy porazila f... | Prusko | 0 | |
| 8. | Jak se jmenoval americký gener... | Robert Edward Lee | 1 | |
| 9. | Německo poprvé ve velkém měřít... | Ypry / Ypres | 1 | |
| 10. | Kniha Černý jestřáb sestřelen... | v Somálsku | 1 |